Vector mechanics for engineers (Record no. 4856)

000 -LEADER
fixed length control field 00594nam a2200217 a 4500
001 - CONTROL NUMBER
control field 4856
003 - CONTROL NUMBER IDENTIFIER
control field BD-DhUET
008 - FIXED-LENGTH DATA ELEMENTS--GENERAL INFORMATION
fixed length control field 840307s1984 nyua 001 0 eng
020 ## - INTERNATIONAL STANDARD BOOK NUMBER
International Standard Book Number 0070044384
040 ## - CATALOGING SOURCE
Original cataloging agency DLC
Transcribing agency DLC
Modifying agency BD-DhUET
082 00 - DEWEY DECIMAL CLASSIFICATION NUMBER
Classification number 620.1
Item number BEE/1984
100 ## - MAIN ENTRY--PERSONAL NAME
Personal name Beer, Ferdinand P.
245 10 - TITLE STATEMENT
Title Vector mechanics for engineers
Remainder of title statics and dynamics
250 ## - EDITION STATEMENT
Edition statement 4th ed.
260 ## - PUBLICATION, DISTRIBUTION, ETC. (IMPRINT)
Place of publication, distribution, etc. New York
Name of publisher, distributor, etc. McGraw-Hill
Date of publication, distribution, etc. 1984
300 ## - PHYSICAL DESCRIPTION
Extent xxi, 926 p.
Other physical details ill.
Dimensions 24 cm.
504 ## - BIBLIOGRAPHY, ETC. NOTE
Bibliography, etc Includes bibliographies
650 #0 - SUBJECT ADDED ENTRY--TOPICAL TERM
Topical term or geographic name as entry element Engineering instruments
700 1# - ADDED ENTRY--PERSONAL NAME
Personal name Johnston, E. Russell
942 ## - ADDED ENTRY ELEMENTS (KOHA)
Koha item type General Book
Holdings
Koha date last borrowed Koha item type Date acquired Price effective from Damaged status Koha full call number Withdrawn status Sublocation or collection (holding branch) Koha normalized classification for sorting Lost status Piece designation (barcode) Location (home branch) Not for loan Koha issues (times borrowed) Source of classification or shelving scheme Koha date last seen Copy number Shelving location
 General Book2014-11-232014-11-23 620.1/BEE/1984 Central Library, BUET620_100000000000000_BEE_1984 66051Central Library, BUET   2015-12-081Circulation section
2022-06-12General Book2014-11-242014-11-24 620.1/BEE/1984 Central Library, BUET620_000000000000000_1BEE1984 66042Central Library, BUET 2 2022-06-201Circulation section
2023-01-10General Book2014-11-292014-11-29 620.1/BEE/1984 Central Library, BUET620_100000000000000_BEE_1984 66086Central Library, BUET 4 2023-06-071Circulation section
2025-04-30General Book2014-12-112014-12-11 620.1 /BEE/1984 Central Library, BUET620_100000000000000_BEE_1984 66044Central Library, BUET 1 2025-05-2849Circulation section
 General Book2014-12-112014-12-11 620.1/BEE/1984 Central Library, BUET620_100000000000000_BEE_1984 66012Central Library, BUET   2015-02-231Circulation section
 General Book2015-01-192015-01-19 620.1/BEE/1984 Central Library, BUET620_100000000000000_BEE_1984 66043Central Library, BUET   2015-12-226Circulation section
2022-11-21General Book2015-02-162015-02-16 620.1/BEE/1984 Central Library, BUET620_100000000000000_BEE_1984 81336Central Library, BUET 1 2022-12-137Circulation section
2018-04-18General Book2015-04-012015-04-01 620.1/BEE/1984 Central Library, BUET620_100000000000000_BEE_1984 66048Central Library, BUET 1 2018-04-301Circulation section
 Reading Item2015-06-212015-06-21 620.1/BEE/1984 Central Library, BUET620_100000000000000_BEE_1984 66015Central Library, BUET   2015-06-219Reading section
 General Book2015-06-222015-06-22 620.1/BEE/1984 Central Library, BUET620_100000000000000_BEE_1984 66014Central Library, BUET   2015-06-2210Reading section
 General Book2015-06-222015-06-22 620.1/BEE/1984 Central Library, BUET620_100000000000000_BEE_1984 66013Central Library, BUET   2015-06-2211Reading section
 Reading Item2015-06-292015-06-29 620.01/BEE/1984 Central Library, BUET620_010000000000000_BEE_1984 66095Central Library, BUET   2015-06-2912Reading section
 General Book2015-07-282015-07-28 620.1/BEE/1984 Central Library, BUET620_100000000000000_BEE_1984 75502Central Library, BUET   2015-07-2813Circulation section